Vodné dielo Gabčíkovo - záchrana vnútrozemskej delty na Dunaji

Bibliographic Details
Main Author: Hraško, Vojtech (Author)
Other Authors: Dašková, Kveta, 1935-2021 (Illustrator), Vincent, Ján (Photographer), Najšel, Ján (Photographer), Liška, Miroslav (Photographer), Ponec, Jozef, 1918-2006 (Photographer)
Format: Book
Language:Slovak
PhysicalDescription:32 s. Mp. 28 cm
Published: Bratislava Q 111 1993
ISBN:8085401045
Edition:1. vyd.
Subjects:

MARC

LEADER 00000cam a2200000 a 4500
001 vtls001073529
003 SK-MaSNL
005 20260425231450.0
008 250414s1993 xo 00000 slo
015 |a SNBA1993/12 
020 |a 8085401045  |q (brož.) 
035 |a SNK000016360 
035 |a urn:nbn:sk:snk-amlnm5 
035 |a urn:nbn:sk:snk-am00bz0o 
035 |a 4AB2987B-F870-4907-9618-0AAC946F85FB 
040 |a SNK  |b slo  |c SNK  |e AACR2 
041 0 |a slo 
044 |a xo  |c SK 
080 |a 627.8(282.243.73):504  |2 1981 
080 |a 504  |2 1981 
100 1 |a Hraško, Vojtech  |4 aut  |9 10730 
245 1 0 |a Vodné dielo Gabčíkovo - záchrana vnútrozemskej delty na Dunaji  |c Vojtech Hraško ; graf. upr. Kveta Dašková ; fotogr. Ján Vincent, Ján Najšel, Miroslav Liška, Jozef Ponec 
250 |a 1. vyd. 
260 |a Bratislava  |b Q 111  |c 1993  |e Bratislava  |f Kasico a.s. 
300 |a 32 s.  |b Mp.  |c 28 cm 
500 |a Fotogr. na tit. liste 
650 0 7 |a životné prostredie  |2 SNKPH  |9 786 
650 0 7 |a ochrana životného prostredia  |2 SNKPH  |9 3352 
651 7 |a Gabčíkovo (Slovensko : vodné dielo)  |2 SNKPH  |9 131675 
651 7 |a Dunaj (rieka)  |2 SNKPHgeo  |9 22602 
655 7 |a príručky  |2 SNKPH  |9 74364 
700 1 |a Dašková, Kveta,  |d 1935-2021  |4 ill  |9 219392 
700 1 |a Vincent, Ján  |4 pht  |9 449905 
700 1 |a Najšel, Ján  |4 pht  |9 332968 
700 1 |a Liška, Miroslav  |4 pht 
700 1 |a Ponec, Jozef,  |d 1918-2006  |4 pht  |9 113990 
700 1 |a Dašková, Kveta,  |d 1935-2021  |4 oth  |9 219392 
852 |a Slovenská národná knižnica 
919 |a 80-85401-04-5 
958 |a APR 
958 |a BQ 
958 |a TL 
999 |c 705187  |d 707117 
952 |t P60, <04>, [BOOK], {604}  |a SNK  |b SNK  |y VYP  |7 0  |p 17A0082616  |o snkSB 51801 D1  |0 0  |1 0  |4 0  |d 1997-07-18  |l 0  |r 2004-12-31 00:00:00  |w 2026-02-23 
952 |a SNK  |b SNK  |y PREZ  |7 0  |p 17A0904706  |o snkSB 51801   |0 0  |1 0  |4 0  |d 2012-07-17  |f 1  |l 0  |r 2025-03-12 00:00:00  |w 2026-02-23